000 01011namaa22002291 4500
001 174126
003 ES-MaACL
005 20250815105800.0
008 100223s1912 sp |||| | spa d
040 _aSpMaBN
_bspa
_cA2
080 _a55(460)
100 1 _aHernández-Pacheco, Eduardo,
_d1872-1965
_963012
245 1 0 _aItinerario geológico de Toledo á Urda /
_cpor Eduardo Hernandez-Pacheco.
260 _aMadrid :
_bJunta para la Ampliación de Estudios e Investigaciones Científicas,
_c1912 (
_fImp. de Fortanet)
300 _a46 p., 1 h., lám. 1-7, 1 mapa ;
_c23 cm.
490 1 _aTrabajos del Museo Nacional de Ciencias Naturales. Serie geológica ;
_v1
650 4 _aGeología-
_zEspaña.
_9138819
710 2 _aJunta para la Ampliación de Estudios e Investigaciones Científicas.
_95413
830 0 0 _aTrabajos del Museo Nacional de Ciencias Naturales.
_pSerie geológica
_v1
_9189286
852 _aES-MaACL
_jB-13126(1)
_z.- Encuadernado con otras obras
999 _c174126
_d174126